The dynamics of public private partnership for socio-economic development (Record no. 79878)

000 -LEADER
fixed length control field 01517pab a2200193 454500
008 - FIXED-LENGTH DATA ELEMENTS--GENERAL INFORMATION
fixed length control field 180718b2008 xxu||||| |||| 00| 0 eng d
100 ## - MAIN ENTRY--PERSONAL NAME
Personal name Singh, Shiv Raj
245 ## - TITLE STATEMENT
Title The dynamics of public private partnership for socio-economic development
260 ## - PUBLICATION, DISTRIBUTION, ETC.
Date of publication, distribution, etc. 2008
300 ## - PHYSICAL DESCRIPTION
Extent p.605-618.
362 ## - DATES OF PUBLICATION AND/OR SEQUENTIAL DESIGNATION
Dates of publication and/or sequential designation Jul-Sep
520 ## - SUMMARY, ETC.
Summary, etc. In this article, the authors have outlined the concept of PPP and its emerging need in the provision of basic public services and socio-economic infrastructure. While discussing the dynamics of PPP for social development, the UN Millennium Development Goals, social indicators in India and the concept of corporate social responsibility, etc. have been discussed. As for the dynamics of PPP for economic development, the present scenario of existing infrastructure gap, various PPP arrangements and the process management of PPP projects etc. have been discussed. The article also highlights in the institutional framework of various modes of PPP as also the progress achieved by various states of India in the implementation of PPP till date. It concludes with the observation that PPP has become the need of the hour for a resource crunch and progressively developing nation like India, especially to cater to the needs of socio-economic development of its citizens. - Reproduced.
650 ## - SUBJECT ADDED ENTRY--TOPICAL TERM
Topical term or geographic name entry element Economic and social development
650 ## - SUBJECT ADDED ENTRY--TOPICAL TERM
Topical term or geographic name entry element Public private partnership
700 ## - ADDED ENTRY--PERSONAL NAME
Personal name Jain, Aarushi
773 ## - HOST ITEM ENTRY
Main entry heading Indian Journal of Public Administration
908 ## - PUT COMMAND PARAMETER (RLIN)
Put command parameter N
909 ## -
-- 79878
Holdings
Withdrawn status Lost status Damaged status Not for loan Permanent Location Current Location Date acquired Serial Enumeration / chronology Barcode Date last seen Price effective from Koha item type
        Indian Institute of Public Administration Indian Institute of Public Administration 2018-07-19 Volume no: 54, Issue no: 3 AR80338 2018-07-19 2018-07-19 Articles

Powered by Koha